00886cam a22002412 450000100060000000300080000600500170001400800390003103500190007004000270008904100110011608200220012710000360014924501150018525000210030026000270032130000770034850000200042550400650044565000390051070000400054971000550058917349BD-RjUL20211209000127.0140216s1967 enkcefh b 001 0 eng a(BD-RjUL)17407 aDLCcDLCdBD-RjULbeng1 aengswe00a792.023bSTL 19671 aStrindberg, August,d1849-1912.10aLetters to the Intimate Theatre /cStrindberg; translated [from the Swedish] and introduced by Walter Johnson. aCommonwealth ed. aLondon :bOwen,c1967. axii, 323 p. :bfront., 8 plates (incl. ports. plan, facsims.). ;c22 cm. aIncludes index. aBibliographical references included in "Notes" (p. 307-317). 0aTheaterxProduction and direction.1 aJohnson, Walter Gilbert,d1905-19831 aStockholm (Sweden).bIntima teatern (Barnhusgatan)